000 00840nam a22002777a 4500
001 0021458754
003 DO-SdBNP
005 20180222085103.0
007 0021458754
008 161214b 1989 sp a 00| 0 spa d
020 _a8426120660
040 _aBPMSU
_bspa
_cBPMSU
082 4 _axxxx
_bxxxx
100 1 _aOxenbury, Helen,
_d1938-
245 1 0 _aEn casa de los abuelos /
_cHelen Oxenbury ; traducción de Concepción Zendrera.
250 _a2ª ed.
260 _aBarcelona :
_bJuventud,
_c1989.
300 _a[19] p. :
_bil. ;
_c18 cm.
490 1 _aMis primeros libros de imágenes
500 _aPara niños de 2 a 7 años
700 1 2 _aZendrera, Concepción,
_etr.
830 0 _aMis primeros libros de imágenes.
942 _2ddc
_cBK
945 _aInventariado, 2018 / BT
956 _2LOPEREZ
_310
_620161214
_8BPMSU
_a00041
999 _c12421
_d12421